000 00442nam a2200169 i 4500
001 bg
100 1 _aEMSLI, D.
245 0 _aSpektroskopija jadernogo magnitnogo rezonansa vysokogo razrešenija /
_cDź. Emsli, D. Finej, L. Satklif. T.1.
260 _aMoskva,
_c1968.
700 1 _aFINEJ, D.
700 1 _aSATKLIF, L.
040 _cBPK
041 _apol
080 _a535.33
942 _cKS
008 s pl f |000 0 pol
999 _c12312
_d12312
856 _uhttp://koha.tu.koszalin.pl/cgi-bin/koha/opac-detail.pl?biblionumber=12312
_yKatalog online BPK